000 00291nam a22001337a 4500
008 170128b xxu||||| |||| 00| 0 eng d
020 _a0316747327
041 _aeng
080 _23RD
_a61
100 _a3
101 _ashm
245 _aINTENSIVE CARE MEDICINE
_cRIPPE, J.M
942 _2udc
_cBK
999 _c3931
_d3931